The Long Interview / (Record no. 13042)
[ view plain ]
| 000 -LEADER | |
|---|---|
| fixed length control field | 01350pam a2200325 a 4500 |
| 001 - CONTROL NUMBER | |
| control field | 2910010 |
| 005 - DATE AND TIME OF LATEST TRANSACTION | |
| control field | 20060815180049.0 |
| 008 - FIXED-LENGTH DATA ELEMENTS--GENERAL INFORMATION | |
| fixed length control field | 880406s1988 caua | b 000 0 eng d |
| 010 ## - LIBRARY OF CONGRESS CONTROL NUMBER | |
| LC control number | 88014017 |
| 020 ## - INTERNATIONAL STANDARD BOOK NUMBER | |
| International Standard Book Number | 0803933533 |
| 020 ## - INTERNATIONAL STANDARD BOOK NUMBER | |
| Cancelled/invalid ISBN | 0803933533 (pbk.) : |
| 040 ## - CATALOGING SOURCE | |
| Original cataloging agency | DLC |
| Transcribing agency | DLC |
| Modifying agency | DLC |
| 050 00 - LIBRARY OF CONGRESS CALL NUMBER | |
| Classification number | H61.28 |
| Item number | .M37 1988 |
| 082 00 - DEWEY DECIMAL CLASSIFICATION NUMBER | |
| Classification number | 300.723 |
| Edition number | 22 |
| Item number | MCC |
| 100 1# - MAIN ENTRY--PERSONAL NAME | |
| Personal name | McCracken, Grant David, |
| Dates associated with a name | 1951- |
| 9 (RLIN) | 9953 |
| 245 14 - TITLE STATEMENT | |
| Title | The Long Interview / |
| Statement of responsibility, etc | Grant McCracken |
| 260 ## - PUBLICATION, DISTRIBUTION, ETC. (IMPRINT) | |
| Place of publication, distribution, etc | Newbury Park, CA : |
| Name of publisher, distributor, etc | Sage Publications, |
| Date of publication, distribution, etc | 1988. |
| 300 ## - PHYSICAL DESCRIPTION | |
| Extent | 88 p. : |
| Other physical details | ill. ; |
| Dimensions | 23 cm. |
| 440 #0 - | |
| -- | 9954 |
| 490 ## - Series Statement | |
| Series statement | Qualitative research methods |
| Volume/sequential designation | v. 13 |
| 500 ## - GENERAL NOTE | |
| General note | Donated by: dr. Shahrazad |
| 504 ## - BIBLIOGRAPHY, ETC. NOTE | |
| Bibliography, etc | Bibliography: p. 78-87 |
| 650 #0 - SUBJECT ADDED ENTRY--TOPICAL TERM | |
| Topical term or geographic name as entry element | Social sciences |
| General subdivision | Research |
| -- | Methodology. |
| 9 (RLIN) | 9955 |
| 650 #0 - SUBJECT ADDED ENTRY--TOPICAL TERM | |
| Topical term or geographic name as entry element | Interviewing. |
| 9 (RLIN) | 9956 |
| 856 42 - ELECTRONIC LOCATION AND ACCESS | |
| Materials specified | Publisher description |
| Uniform Resource Identifier | <a href="http://www.loc.gov/catdir/enhancements/fy0655/88014017-d.html">http://www.loc.gov/catdir/enhancements/fy0655/88014017-d.html</a> |
| 856 41 - ELECTRONIC LOCATION AND ACCESS | |
| Materials specified | Table of contents only |
| Uniform Resource Identifier | <a href="http://www.loc.gov/catdir/enhancements/fy0655/88014017-t.html">http://www.loc.gov/catdir/enhancements/fy0655/88014017-t.html</a> |
| 942 ## - ADDED ENTRY ELEMENTS (KOHA) | |
| Source of classification or shelving scheme | Dewey Decimal Classification |
| Item type | Book - Borrowing |
| Withdrawn status | Item status | Source of classification or shelving scheme | Damaged status | Not for loan | Vendor | Home library | Current library | Shelving location | Date acquired | Source of acquisition | Total Checkouts | Full call number | Barcode | Date last seen | Date last borrowed | Koha item type | Public note |
|---|---|---|---|---|---|---|---|---|---|---|---|---|---|---|---|---|---|
| Dewey Decimal Classification | Central Library | Central Library | First floor | 14/12/2009 | 1 | 300.723 MCC | 000019260 | 15/07/2025 | 24/09/2017 | Book - Borrowing | Donated By Dr.Shahrazad Nur |